| 000 | 01013nam a2200253Ia 4500 | ||
|---|---|---|---|
| 003 | GCL | ||
| 005 | 20240530104419.0 | ||
| 008 | 140319s1990 ua g 000 0 ara d | ||
| 017 |
_a90/2915 _bمصر. دار الكتب |
||
| 040 |
_aGCL / _cGCL |
||
| 082 | 0 | 4 |
_a272.31/ _bأ س |
| 100 | 1 | _aاندرسن، فرانسيس | |
| 245 | 1 | 0 |
_aسفر أيوب / _cبقلم فرانسيس اندرسيس ؛ نقلة الى العربية إدوارد وديع عبدالمسيح ؛ الحرر المسئول جوزيف صابر |
| 260 |
_aالقاهرة : _bدار الثقافة العربية ، _c1990 |
||
| 300 |
_a342 ص. ؛ _c24 سم. |
||
| 490 | 0 |
_aالتفسير الحديث للكتاب المقدس : العهد القديم ؛ _v7 |
|
| 650 | 0 | 7 |
_2qrmak _aاليهودية |
| 650 | 0 | 7 |
_2qrmak _aالعهد القديم |
| 650 | 0 | 7 |
_2qrmak _aالتوراة |
| 650 | 0 | 7 |
_2qrmak _aايوب |
| 700 | 1 | _aادوارد وديع عبدالمسيح | |
| 700 | 1 | _aاندرسن , فرانسيس | |
| 942 |
_2ddc _cBK |
||
| 999 |
_c47420 _d47420 |
||